Widok standardowy
Widok MARC
Pozycja Personal Name
Liczba rekordów, w których użyto hasła: 1
001 - Numer kontrolny
- control field: 40202
003 - Identyfikator numeru kontrolnego
- control field: NUKAT
005 - Data i czas ostatniej modyfikacji
- control field: 20260416195931.0
008 - Dane kontrolne kodowane (40 znaków)
- fixed length control field: 961017n||a|znnaabn |a aaa |c
010 ## - Numer kontrolny Biblioteki Kongresu
- numer kontrolny LC: n 96612617
040 ## - Instytucja sporządzająca rekord
- inst. przygot. dane do rek. khw: LUBL U/JL
- język haseł przedmiotowych/tezaurus: kaba
- inst. wprow. rek. khw: LUBL U/JL
- inst. modyf. rek. khw: LUBL U/JL
- inst. modyf. rek. khw: KR U/39KP
100 1# - Hasło - nazwa osobowa
- nazwa osobowa w formie ujednoliconej: Kwiatkowski, Michał
- daty biograficzne: (1883-1966).
400 0# - Trop zob. - nazwa osobowa
- nazwa osobowa (nazwisko, imiona): M. K. [a]
400 1# - Trop zob. - nazwa osobowa
- nazwa osobowa (nazwisko, imiona): Kwiatkowski, Michał Franciszek Marian.
670 ## - Źródło informacji
- źródło informacji: Rząd i Rada Narodowa R.P. / Michał Kwiatkowski. - Londyn, 1942.
670 ## - Źródło informacji
- źródło informacji: PSB
670 ## - Źródło informacji
- źródło informacji: Michal Franciszek Kwiatkowski (1883-1966): journaliste, patriote et homme politique au service de l'immigrantion ouvriere polonaise / pae Edmond Gogolewski. - Lille, 2000.
670 ## - Źródło informacji
- źródło informacji: Kp. Sztandar Polski.- R.2, nr 64 (1920).